| 000 | 00662nam a2200217 i 4500 | ||
|---|---|---|---|
| 001 | bg | ||
| 100 | 1 | _aSTEINHAUS, Ingo | |
| 245 | 1 | 0 |
_aBank und Börse online : _bGeldanlage per Internet / _cIngo Steinhaus. |
| 260 |
_aKilchberg : _bSmartBooks, _c2000. |
||
| 300 |
_a248 s. : _bil. ; _c24 cm. |
||
| 650 | 9 |
_aBanki _xautomatyzacja |
|
| 650 | 9 |
_aInternet _xstosowanie _xfinanse |
|
| 020 | _a308490294 | ||
| 040 | _cBPK | ||
| 041 | 0 | _ade | |
| 080 | _a336.71:004.738.5 | ||
| 920 | _a3-08490-29-4 | ||
| 942 | _cKS | ||
| 008 | s pl f |000 0 pol | ||
| 999 |
_c40467 _d40467 |
||
| 856 |
_uhttp://koha.tu.koszalin.pl/cgi-bin/koha/opac-detail.pl?biblionumber=40467 _yKatalog online BPK |
||